000 00968nas a2200301 4500
001 BR2011007209
003 BR-BrBNA
005 20231205115740.0
007 ta
008 230509b bl.|||p| |||| 00| 00por d
040 _aBR-BrBNA
_bpor
_cBiblioteca Nacional de Agricultura
041 _a(Pt)
072 _aL73
100 1 _aFriesen, R.
100 1 _aChemin, A.
100 1 _aFarias, M.R. de
245 1 _aEstudo retrospectivo de 68 casos da acaríase sarcóptica em cães
246 1 _aRetrospective study of 68 cases of canine sarcoptic acariasis
650 _aCÃO
650 _aPELE
650 _aLESÃO CUTÂNEA
650 _aÁCARO
650 _aDOENÇA ANIMAL
650 _aACARICIDA
773 0 _tMEDVEP. Revista Científica de Medicina Veterinária. Pequenos Animais e Animais de Estimação (Brazil)
_xISSN 1678-1430
_g(Jan-Mar 2010), v. 8(24) p. 59-62
_wBR2011007209
909 _a202311
_bLúcia
_c55
_dLúcia Elande
942 _2AGRIS
_n0
_cANA
999 _c215503
_d215503